书目信息 |
| 题名: |
艺术设计概论
|
|
| 作者: | 曹田泉 编著 | |
| 分册: | ||
| 出版信息: | 上海 上海人民美术出版社 2005.06 |
|
| 页数: | 152页 | |
| 开本: | 25cm | |
| 丛书名: | 高等院校设计理论系列教材 | |
| 单 册: | ||
| 中图分类: | J06 | |
| 科图分类: | ||
| 主题词: | 造型设计--zao xing she ji--艺术理论--高等学校--教材 | |
| 电子资源: | ||
| ISBN: | 7-5322-4211-0 | |
| 000 | 00945nam 2200253 450 | |
| 001 | 012007862593 | |
| 005 | 20071011104036.09 | |
| 010 | @a7-5322-4211-0@dCNY38.00 | |
| 100 | @a20070814d2005 km y0chiy0120 ea | |
| 101 | 0 | @achi |
| 102 | @aCN@b310000 | |
| 105 | @aa a 000yy | |
| 200 | 1 | @a艺术设计概论@Ayi shu she ji gai lun@f曹田泉编著@Fcao tian quan bian zhu |
| 210 | @a上海@c上海人民美术出版社@d2005.06 | |
| 215 | @a152页@c图 (部分彩图)@d25cm | |
| 225 | 2 | @a高等院校设计理论系列教材@Agao deng yuan xiao she ji li lun xi lie jiao cai |
| 320 | @a有书目。 | |
| 330 | @a本教材内容包括何谓设计、设计的本质与特征、设计形态、设计思维、设计美学、设计风格学、设计与科学技术、设计心理学、设计的历史、设计与教育等十章。 | |
| 410 | 0 | @12001 @a高等院校设计理论系列教材 |
| 606 | 0 | @a造型设计@Azao xing she ji@y艺术理论@x高等学校@j教材 |
| 690 | @aJ06@v4 | |
| 701 | 0 | @a曹田泉@Acao tian quan@4编著 |
| 801 | 0 | @aCN@c20071011 |
| 905 | @dJ06@eC145 | |
| 艺术设计概论/曹田泉编著.-上海:上海人民美术出版社,2005.06 |
| 152页:图 (部分彩图);25cm.-(高等院校设计理论系列教材) |
| ISBN 7-5322-4211-0:CNY38.00 |
| 本教材内容包括何谓设计、设计的本质与特征、设计形态、设计思维、设计美学、设计风格学、设计与科学技术、设计心理学、设计的历史、设计与教育等十章。 |
| ● |
| 相关链接 |
|
|
|
正题名:艺术设计概论
索取号:J06/C145
 
预约/预借
| 序号 | 登录号 | 条形码 | 馆藏地/架位号 | 状态 | 备注 |
| 1 | 252505 | 202525053 | 社科库309/309社科库 62排2列3层/ [索取号:J06/C145] | 在馆 |